[Event "Titled Tuesday intern op 25th Aug"]
[Site "Chess.com INT"]
[Date "2020.08.25"]
[Round "7"]
[White "Pandey, Srishti"]
[Black "Zaim, Marian"]
[Result "0-1"]
[WhiteElo "2026"]
[BlackElo "1999"]
[PlyCount "134"]
[EventDate "2020.08.25"]
[EventType "swiss (blitz)"]
[EventRounds "10"]
[EventCountry "USA"]
[SourceTitle "CBM 198 Extra"]
[Source "ChessBase"]
[SourceDate "2020.11.30"]
[SourceVersion "1"]
[SourceVersionDate "2020.11.30"]
[SourceQuality "1"]

1. d4 g6 2. e4 Bg7 3. Nc3 d6 4. Nf3 c6 5. Be2 Nf6 6. h3 0-0 7. 0-0 Nbd7 8. Be3 e5 9. Qd2 Qe7 10. dxe5 dxe5 11. Bh6 Nc5 12. Bxg7 Kxg7 13. Qe3 a5 14. Nd2 Be6 15. Bc4 b5 16. Bxe6 Nxe6 17. Ne2 Rfd8 18. c3 Qc5 19. Qxc5 Nxc5 20. Rfd1 Ncxe4 21. Nxe4 Nxe4 22. Re1 f6 23. f3 Nc5 24. Red1 Kf7 25. Ng3 f5 26. Kf1 Ke7 27. Ke2 Na4 28. Rxd8 Rxd8 29. Rb1 c5 30. Nf1 c4 31. Ne3 Ke6 32. h4 Rd3 33. Nd1 h6 34. Nf2 Rd7 35. Nd1 Kf6 36. b3 cxb3 37. Rxb3 Rd5 38. Ne3 Rc5 39. Kd2 Nb6 40. Ra3 a4 41. Kd3 Nc4 42. Nxc4 Rxc4 43. g3 g5 44. hxg5+ hxg5 45. Ke3 Ke6 46. Kd3 e4+ 47. fxe4 fxe4+ 48. Kd2 Kf5 49. Ke3 Kg4 50. Kf2 e3+ 51. Kxe3 Kxg3 52. Kd3 g4 53. Ke3 Kh2 54. Kd3 g3 55. Ke3 g2 56. Kd3 g1Q 57. Rxa4 Rxa4 58. c4 bxc4+ 59. Kc3 Rxa2 60. Kb4 Qb1+ 61. Kxc4 Rc2+ 62. Kd5 Qd1+ 63. Ke4 Re2+ 64. Kf3 Qf1+ 65. Kg4 Rg2+ 66. Kh4 Qf4+ 67. Kh5 Qg5# 0-1

[Event "Titled Tuesday intern op 25th Aug"]
[Site "Chess.com INT"]
[Date "2020.08.25"]
[Round "4"]
[White "Zaim, Marian"]
[Black "Marcziter, Dmitrii"]
[Result "0-1"]
[WhiteElo "1999"]
[BlackElo "2243"]
[PlyCount "146"]
[EventDate "2020.08.25"]
[EventType "swiss (blitz)"]
[EventRounds "10"]
[EventCountry "USA"]
[SourceTitle "CBM 198 Extra"]
[Source "ChessBase"]
[SourceDate "2020.11.30"]
[SourceVersion "1"]
[SourceVersionDate "2020.11.30"]
[SourceQuality "1"]

1. g3 Nf6 2. Bg2 d5 3. Nf3 g6 4. 0-0 Bg7 5. c4 c6 6. Qc2 0-0 7. d3 a5 8. Nbd2 Na6 9. a3 Bg4 10. Rb1 Re8 11. b4 axb4 12. axb4 e5 13. e4 Nc7 14. Bb2 d4 15. Ra1 b5 16. Rxa8 Qxa8 17. cxb5 Nxb5 18. Ra1 Qb7 19. Nc4 Nd7 20. Na5 Qb8 21. Qxc6 Rc8 22. Qb7 Qxb7 23. Nxb7 Rc2 24. Rb1 Bf8 25. Ne1 Rd2 26. f3 Be6 27. Bc1 Rd1 28. Kf2 Nc3 29. Ra1 Bxb4 30. Nc2 Be7 31. Bh6 f6 32. h4 Rxa1 33. Nxa1 Nc5 34. Nxc5 Bxc5 35. Bc1 f5 36. Bh3 Kf7 37. Nb3 fxe4 38. Bxe6+ Kxe6 39. fxe4 Bb6 40. Bh6 Nd1+ 41. Ke2 Nc3+ 42. Kf2 Kf6 43. Nd2 Nd1+ 44. Ke2 Nc3+ 45. Kf3 Bc7 46. Nc4 Ke6 47. Bg7 Na4 48. Bh6 Nc5 49. Ke2 Na4 50. Bd2 Nc5 51. Be1 Nb3 52. Bb4 Bd8 53. Be1 Be7 54. Bd2 Nc5 55. Nb6 Nb3 56. Nd5 Bd8 57. Bb4 Na1 58. Bd2 h5 59. Nb4 Nb3 60. Nc2 Be7 61. Ne1 Nc5 62. Nf3 Nb3 63. Bg5 Na1 64. Bxe7 Kxe7 65. Nxe5 Ke6 66. Nxg6 Kf6 67. Nf4 Nc2 68. Nxh5+ Kg6 69. Nf4+ Kf6 70. Nd5+ Ke5 71. Nf4 Na3 72. h5 Nb5 73. h6 Nc3+ 0-1

[Event "Titled Tuesday intern op 25th Aug"]
[Site "Chess.com INT"]
[Date "2020.08.25"]
[Round "5"]
[White "Zaim, Marian"]
[Black "Toncheva, Nadya"]
[Result "0-1"]
[WhiteElo "1999"]
[BlackElo "2155"]
[PlyCount "74"]
[EventDate "2020.08.25"]
[EventType "swiss (blitz)"]
[EventRounds "10"]
[EventCountry "USA"]
[SourceTitle "CBM 198 Extra"]
[Source "ChessBase"]
[SourceDate "2020.11.30"]
[SourceVersion "1"]
[SourceVersionDate "2020.11.30"]
[SourceQuality "1"]

1. g3 c5 2. Bg2 Nc6 3. Nf3 g6 4. d4 cxd4 5. Nxd4 Bg7 6. e3 Nf6 7. 0-0 0-0 8. c4 a6 9. Nc3 Qc7 10. b3 d6 11. Bb2 Bg4 12. Qd2 Rac8 13. Rac1 Qa5 14. h3 Bd7 15. Rfd1 Nxd4 16. exd4 b5 17. Nd5 Qd8 18. cxb5 Nxd5 19. Bxd5 axb5 20. Bg2 h5 21. Re1 Kh7 22. Rxc8 Qxc8 23. Rxe7 Bxh3 24. Re1 Bxg2 25. Kxg2 Qa8+ 26. Kh2 Qxa2 27. b4 Rc8 28. Re7 Qd5 29. Bc3 Rc4 30. Rd7 Qe6 31. Rb7 Qf5 32. Rb6 Rxc3 33. Qxc3 Qxf2+ 34. Kh3 Bxd4 35. Qd3 Bxb6 36. Qxd6 Qf1+ 37. Kh2 Bg1+ 0-1

[Event "Titled Tuesday intern op 11th Aug"]
[Site "Chess.com INT"]
[Date "2020.08.11"]
[Round "9"]
[White "Kalinina, Larisa"]
[Black "Zaim, Marian"]
[Result "0-1"]
[WhiteElo "2131"]
[BlackElo "1999"]
[PlyCount "76"]
[EventDate "2020.08.11"]
[EventType "swiss (blitz)"]
[EventRounds "10"]
[EventCountry "USA"]
[SourceTitle "CBM 197 Extra"]
[Source "ChessBase"]
[SourceDate "2020.09.30"]
[SourceVersion "1"]
[SourceVersionDate "2020.09.30"]
[SourceQuality "1"]

1. e4 g6 2. d4 Bg7 3. Nc3 c5 4. Nf3 cxd4 5. Nxd4 Nc6 6. Nxc6 bxc6 7. Bd3 d6 8. 0-0 Nf6 9. Bg5 Qa5 10. Qd2 Qc7 11. Bh6 0-0 12. Rae1 Rd8 13. Bxg7 Kxg7 14. e5 dxe5 15. Qg5 Ng4 16. h3 f6 17. Qh4 Nh6 18. Qc4 Nf7 19. Be4 Bb7 20. Qc5 Ng5 21. Bd3 Qd6 22. Qe3 Ne6 23. Bc4 Nd4 24. Ne4 Qb4 25. c3 Qxc4 26. Nd2 Qxa2 27. cxd4 Rxd4 28. Nb3 Rd5 29. Ra1 Qxb2 30. Rfb1 Qc2 31. Rc1 Qf5 32. Na5 Qc8 33. Nxb7 Qxb7 34. Rab1 Rb5 35. Ra1 a5 36. Qc3 Ra6 37. f4 exf4 38. Qd2 g5 0-1